NBA Players, Name To Face (Easy) - Statistics

General Stats
  • This quiz has been taken 156 times
  • The average score is 11 of 12
Answer Stats
Picture Answer % Correct
LeBron James
99%
Stephen Curry
99%
Kevin Durant
97%
Luka Doncic
95%
Nikola Jokic
95%
Giannis Antetokounmpo
92%
James Harden
92%
Jayson Tatum
92%
Russell Westbrook
90%
Anthony Edwards
88%
Shai Gilgeous-Alexander
86%
Devin Booker
85%
No matching quizzes found
Score Distribution
Percent of People with Each Score
Percentile by Number Answered
Your Score History
You have not taken this quiz